000 01431cam a2200337 i 4500
001 768714001
003 CO-MdFUSB
005 20240930103404.0
007 ta
008 230615t1982 -us||||| |||| 00| | spa d
020 _a031142006
_q0
040 _bspa.
_aCO-MdFUSB
_cCO-MdFUSB
_dCO-MdFUSBC
_erda
041 _aspa
082 0 4 _223
_a251.7
_bSP772
100 1 _aSpurgeon, C. H. (Charles Haddon) (1834-1892)
_eautor
245 1 0 _aDiscurso a mis estudiantes
_c/ C. H. Spurgeon ; prólogo por Luis Palau
250 _atercera edición
264 1 _aMéxico :
_bCasa Bautista de Publicaciones,
_c[1979]
264 4 _c© 1979
300 _a263 páginas
_c; 20 cm
336 _atexto
_btxt
_2rdacontent
337 _2rdamedia
_asin mediación
_bn
338 _2rdacarrier
_avolumen
_bnc
505 _aLa vigilancia que de sí mismo debe tener el ministro. -- La vocación al ministerio. -- La oración privada del predicador. -- Nuestra oración pública. -- Sermones: su asunto. -- Sobre la elección de un texto. -- Modo de espiritualizar. -- Sobre la voz. -- Sobre la atención. -- El don de hablar espontáneamente. -- Descaecimiento de ánimo del ministro. -- Conducta del ministro en su vida ordinaria. -- A los que cuentan con escasos útiles para trabajar.
563 _aRustico
650 7 _aSermones
_9283
700 _aPalau, Luis,
_96118
_eprologuista
856 _uJTF-925
942 _cBK
945 _aMag1104
999 _c38526
_d38526